| 000 | 00786nam a2200229 a 4500 | ||
|---|---|---|---|
| 001 | BRCA_542 | ||
| 005 | 20190320203045.0 | ||
| 008 | 831201s1984 nyua---##b---#001-0#eng-# | ||
| 020 | _a0500234086 | ||
| 040 |
_aDLC _cDLC _dDLC |
||
| 050 | 4 |
_aNK4565.3 _b.W38 1984 |
|
| 100 | 1 |
_aWatson, William _d1917- _91877 |
|
| 245 | 1 | 0 |
_aTang and Liao ceramics _cby William Watson ; [drawings by Virginia Edwards]. |
| 260 |
_aNueva York _bRizzoli _c1984 |
||
| 300 |
_a283 p. _bil. (algunas a color), mapas _c33 cm. |
||
| 500 | _aIncluye glosario e índice alfabético | ||
| 504 | _aBibliografía: p. 269-270 | ||
| 650 | 1 | 4 |
_aCerámica china _yTang-Quinta dinastía, 618-960 _91878 |
| 650 | 1 | 4 |
_aCerámica china _ySong-Yuan dinastía, 960-1368 _91879 |
| 700 | 1 |
_aEdwards, Virginia _91880 |
|
| 942 |
_2lcc _cB |
||
| 999 |
_c473 _d473 |
||